[Event "4th Gligoric Cup 2017"]
[Site "Novi Banovci SRB"]
[Date "2017.05.28"]
[Round "5.8"]
[White "Mehandzic,G"]
[Black "Maravic,Milorad"]
[Result "1-0"]
[WhiteElo "2078"]
[BlackElo "2180"]

1.d4 d5 2.Bf4 Nf6 3.Nf3 c5 4.c3 Qb6 5.Qb3 Qa5 6.e3 c4 7.Qc2 g6 8.b4 cxb3
9.Qxb3 a6 10.Be2 Bg7 11.O-O O-O 12.Nbd2 Nbd7 13.h3 Re8 14.c4 Nh5 15.cxd5 Nxf4
16.exf4 Qb6 17.Qa4 Qd8 18.Qb3 Nf6 19.Ne5 Nxd5 20.Rac1 e6 21.g3 b5 22.Ne4 h6
23.Bf3 Qb6 24.Rc5 Bb7 25.Rfc1 Rec8 26.Rxc8+ Rxc8 27.Nc5 Bxe5 28.fxe5 Bc6
29.Qd1 b4 30.Qd2 Kg7 31.Rb1 a5 32.a3 Ne7 33.Be2 Rb8 34.Bc4 Ra8 35.axb4 axb4
36.Bxe6 {#r} 1-0

[Event "Deltalift Open 2017"]
[Site "Tylosand SWE"]
[Date "2017.05.27"]
[Round "7.18"]
[White "Lindhe,Magnus"]
[Black "Sivhed,Johan"]
[Result "0-1"]
[WhiteElo "2179"]
[BlackElo "2054"]

1.Nf3 Nf6 2.d4 d5 3.Bg5 e6 4.Nbd2 c5 5.c3 Nc6 6.e3 Be7 7.Bd3 Qc7 8.Bxf6 gxf6
9.dxc5 Bxc5 10.O-O Bd7 11.e4 dxe4 12.Nxe4 Be7 13.Nd4 O-O-O 14.Nb5 Qb8 15.Be2
Be8 16.Qc2 f5 17.Ng3 a6 18.Nd4 Qc7 19.Nxc6 Bxc6 20.Bh5 Bd6 21.Rad1 Rhg8 22.Qe2
Rg5 23.Bf3 Rdg8 24.Bxc6 Qxc6 25.Qd2 Bc7 26.f4 Bb6+ 27.Kh1 Rg4 28.Rf3 h5 29.Qd6
h4 30.Qxc6+ bxc6 31.Ne2 Rxg2 32.Nd4 Bxd4 33.cxd4 Rxb2 34.Rb3 Rgg2 35.Rh3 Rg4
36.Rc1 Kc7 37.Ra3 Kb6 38.Rac3 Ka7 39.Rxc6 Rxf4 40.d5 exd5 41.Rf6 h3 42.Rxf7+
Kb6 43.Rf6+ Kb5 44.a4+ Rxa4 45.Rxf5 Rd4 46.Rf3 Rdd2 47.Rxh3 a5 48.Rh8 Kb4
49.Rb8+ Ka3 50.Ra1+ Ra2 51.Rxa2+ Kxa2 52.Ra8 d4 53.Rxa5+ Kb2 54.h4 d3 55.h5
Re2 56.Rb5+ Kc3 57.Rc5+ Kb4 58.Rc8 d2 59.Rb8+ Kc5 {#R} 0-1

[Event "TCh-FRA Top 12 2017"]
[Site "Chartres FRA"]
[Date "2017.05.25"]
[Round "8.5"]
[White "Iglesias,Joa"]
[Black "Delorme,Ax"]
[Result "0-1"]
[WhiteElo "2258"]
[BlackElo "2514"]

1.d4 d5 2.Nf3 Nf6 3.e3 g6 4.c4 Bg7 5.cxd5 Nxd5 6.e4 Nb6 7.Bb5+ Bd7 8.Be2 Bg4
9.Be3 c5 10.e5 cxd4 11.Nxd4 Bxe2 12.Qxe2 Bxe5 13.Nc3 Bxd4 {#R} 0-1

[Event "Bodensee Open 2017"]
[Site "Bregenz AUT"]
[Date "2017.05.25"]
[Round "6.15"]
[White "Tolhuizen,L"]
[Black "Kuhn,Th"]
[Result "1-0"]
[WhiteElo "2115"]
[BlackElo "2163"]

1.Nf3 d5 2.d4 Nf6 3.e3 Bg4 4.c4 c6 5.Qb3 Qb6 6.Nc3 e6 7.Ne5 Bf5 8.c5 Qc7 9.Be2
h6 10.O-O Nbd7 11.f4 b6 12.cxb6 axb6 13.Bd2 Nxe5 14.fxe5 Ne4 15.Nxe4 Bxe4
16.Rac1 Kd8 17.a4 f6 18.a5 fxe5 19.axb6 Qb7 20.dxe5 c5 21.Ra1 {#r} 1-0

[Event "TCh-FRA Top 12 2017"]
[Site "Chartres FRA"]
[Date "2017.05.28"]
[Round "11.6"]
[White "Rodshtein,M"]
[Black "Stephan,V"]
[Result "1-0"]
[WhiteElo "2698"]
[BlackElo "2365"]

1.d4 d5 2.c4 c5 3.cxd5 Qxd5 4.Nf3 cxd4 5.Nc3 Qa5 6.Nxd4 Nf6 7.Bd2 e5 8.Ndb5
Qb6 9.e4 a6 10.Be3 Bc5 11.Bxc5 Qxc5 12.Rc1 Bg4 13.Nd5 Bxd1 14.Rxc5 O-O
15.Nxf6+ gxf6 16.Nc7 Nd7 17.Rc1 {#r} 1-0

[Event "4th Gligoric Cup 2017"]
[Site "Novi Banovci SRB"]
[Date "2017.05.27"]
[Round "3.7"]
[White "Janjic,Stefan"]
[Black "Kovacic,M"]
[Result "1-0"]
[WhiteElo "2129"]
[BlackElo "2212"]

1.d4 d5 2.c4 Nc6 3.e3 e5 4.cxd5 Qxd5 5.Nc3 Bb4 6.Bd2 Bxc3 7.bxc3 exd4 8.cxd4
Nf6 9.Ne2 O-O 10.Nf4 Qd6 11.Bd3 Re8 12.O-O Nb4 13.Bc4 Nfd5 14.Qb3 c6 15.Rfc1
Nxf4 16.Bxf7+ Kh8 17.exf4 Rd8 18.Be3 Nd5 19.Bxd5 Qxd5 20.Rc5 Qxb3 21.axb3 Be6
22.Re5 Bd5 23.b4 Rd7 24.h4 Kg8 25.Kh2 Kf7 26.g4 g6 27.f5 h6 28.Kg3 Re8 29.f4
gxf5 30.Rxf5+ Kg7 31.Re1 Re4 32.Bf2 Rde7 33.Rxe4 Bxe4 34.Re5 Kf7 35.f5 Bd3
36.Kf4 b6 37.g5 a5 38.bxa5 bxa5 39.Rxa5 Re4+ 40.Kf3 Re7 41.Bg3 Be2+ 42.Kf4 Bh5
43.Rc5 Rd7 44.Ke4 Ra7 45.Rxc6 Ra3 46.Rc7+ Kg8 47.Bd6 Rh3 48.Ke5 Be8 {#r} 1-0

[Event "TCh-FRA Top 12 2017"]
[Site "Chartres FRA"]
[Date "2017.05.25"]
[Round "8.6"]
[White "Kveinys,A"]
[Black "Vernay,C"]
[Result "0-1"]
[WhiteElo "2520"]
[BlackElo "2501"]

1.d4 d5 2.c4 c6 3.Nc3 Nf6 4.e3 Bf5 5.Nf3 a6 6.Qb3 Ra7 7.a4 e6 8.a5 Nbd7 9.Nh4
Be4 10.f3 Bg6 11.cxd5 cxd5 12.Be2 Nb8 13.Qb6 Nc6 14.Qxd8+ Kxd8 15.Nxg6 hxg6
16.Bd2 Bb4 17.Nb1 Bd6 18.Kf2 Ra8 19.Bc3 Nh5 20.Nd2 f5 21.g3 Rc8 22.Nb3 g5
23.Kg2 Nf6 24.h3 Ke7 25.Rhc1 Rh7 26.Bd2 Rch8 27.Rh1 g4 28.hxg4 Rxh1 29.Rxh1
Rxh1 30.Kxh1 fxg4 31.Kg2 gxf3+ 32.Bxf3 e5 33.Bc3 e4 34.Bd1 Ke6 35.Kh3 Ne7
36.Nc5+ Bxc5 37.dxc5 Nf5 38.Bd4 Nd7 39.b4 Ne5 40.Ba4 Nxd4 41.exd4 Nd3 42.b5 e3
43.c6 bxc6 {#R} 0-1

[Event "36th Zalakaros Open 2017"]
[Site "Zalakaros HUN"]
[Date "2017.05.23"]
[Round "6.28"]
[White "Kreisl,R"]
[Black "Raja,H"]
[Result "1-0"]
[WhiteElo "2448"]
[BlackElo "2334"]

1.c4 c6 2.d4 d5 3.cxd5 cxd5 4.Bf4 Nc6 5.e3 Nf6 6.Nc3 e6 7.Bd3 a6 8.Rc1 Bd6
9.Bxd6 Qxd6 10.f4 b5 11.Nf3 Na5 12.Qe2 Bb7 13.O-O O-O 14.Ne5 Ne4 15.Bb1 Rac8
16.Qe1 b4 17.Nxe4 dxe4 18.Rc5 Rxc5 19.dxc5 Qxc5 20.Nd7 Qd6 21.Nxf8 Kxf8 22.a3
Nc4 23.Qxb4 Qxb4 24.axb4 Nxb2 25.Ba2 Nd3 26.Rb1 Bd5 27.Bxd5 exd5 28.Kf1 Ke7
29.Ke2 Kd6 30.Kd2 d4 31.exd4 Nxf4 32.Rf1 Nxg2 33.Rxf7 g5 34.Rf5 h6 35.Ke2 e3
36.Ra5 g4 37.Rxa6+ Kd5 38.b5 Kxd4 39.Ra4+ {#r} 1-0

[Event "10th KIIT Elite Open 2017"]
[Site "Bhubaneswar IND"]
[Date "2017.05.29"]
[Round "6.29"]
[White "Krishna Teja,N"]
[Black "Pruthu,Deshpande"]
[Result "1-0"]
[WhiteElo "2406"]
[BlackElo "2075"]

1.d4 d5 2.c4 c6 3.e3 Nf6 4.Nc3 a6 5.Qc2 g6 6.Bd3 Bg7 7.Nf3 O-O 8.O-O Be6 9.c5
Bc8 10.Ne5 Ng4 11.Nxg4 Bxg4 12.f3 Bc8 13.f4 Nd7 14.b4 Re8 15.a4 Nf8 16.Bb2 f6
17.b5 e5 18.bxc6 bxc6 19.a5 exd4 20.exd4 f5 21.Na4 Ne6 22.Nb6 Ra7 23.Ra4 Nc7
24.Raa1 Nb5 25.Qf2 Rae7 26.Bxb5 axb5 27.Rfe1 Ba6 28.Rxe7 Rxe7 29.Re1 Re4
30.Rxe4 fxe4 31.Bc1 Qf6 32.Be3 Qf5 33.Qe2 Kf7 34.g4 Qe6 35.Kf2 Ke7 36.Kg3 Kd8
37.Qf1 Bc8 38.h3 Kc7 39.f5 gxf5 40.Qf4+ Kd8 41.Qb8 h6 42.a6 f4+ 43.Bxf4 e3
44.Nxc8 Qxc8 45.a7 {#r} 1-0

[Event "26th Chicago Open 2017"]
[Site "Chicago USA"]
[Date "2017.05.27"]
[Round "5.8"]
[White "Brown,Michael William"]
[Black "Shmeliov,D"]
[Result "1-0"]
[WhiteElo "2489"]
[BlackElo "2415"]
[EventType "swiss"]

1.d4 d5 2.c4 c6 3.Nc3 Nf6 4.e3 g6 5.Nf3 Bg7 6.Bd2 O-O 7.Qb3 e6 8.Bd3 Nbd7
9.O-O b6 10.cxd5 Nxd5 11.Rad1 Nxc3 12.Bxc3 Bb7 13.e4 Qe7 14.Rfe1 Rfd8 15.Bc4
Rac8 16.a4 Qf8 17.Ng5 Qe7 18.f4 Nf8 19.Kh1 Rc7 20.Nf3 Bh6 21.f5 Bg7 22.Ne5 Kh8
23.fxe6 Bxe5 24.dxe5 Rxd1 25.Rxd1 Nxe6 26.Rd6 Bc8 27.Qd1 Kg8 28.h3 h5 29.Qf3
Kh7 30.Bd2 Qh4 31.Qe3 g5 32.Qf3 Nf4 33.Bxf4 gxf4 34.Rf6 Qe1+ 35.Bf1 Ba6
36.Qxh5+ Kg8 37.Rxf4 Kf8 {#r} 1-0

[Event "26th Chicago Open 2017"]
[Site "Chicago USA"]
[Date "2017.05.25"]
[Round "1.14"]
[White "Hernandez Carmenates,Hold"]
[Black "Zhang,Chao"]
[Result "1-0"]
[WhiteElo "2510"]
[BlackElo "2229"]
[EventType "swiss"]

1.d4 d5 2.c4 c6 3.Nf3 Nf6 4.Qb3 e6 5.Bg5 Nbd7 6.Nbd2 h6 7.Bxf6 Nxf6 8.e3 Bd6
9.Bd3 O-O 10.O-O Qe7 11.Rfe1 b6 12.e4 dxe4 13.Nxe4 Nxe4 14.Bxe4 Bb7 15.Rad1
Rad8 16.Qa4 Qc7 17.g3 a5 18.Bb1 c5 19.Qc2 f5 20.d5 e5 21.Nh4 Bc8 22.g4 e4
23.gxf5 Rf6 24.Rxe4 Rdf8 25.f3 Be5 26.Kh1 Bd4 27.Rde1 Qf7 28.Re7 Qh5 29.Qg2 g5
30.fxg6 Qxh4 31.g7 Qg5 32.Bh7+ {#r} 1-0

[Event "26th Chicago Open 2017"]
[Site "Chicago USA"]
[Date "2017.05.26"]
[Round "2.22"]
[White "Lehmann,Spencer G"]
[Black "Shetty,A"]
[Result "0-1"]
[WhiteElo "2137"]
[BlackElo "2422"]
[EventType "swiss"]

1.d4 d5 2.c4 c6 3.Nf3 Nf6 4.Qc2 g6 5.Bf4 Bg7 6.e3 O-O 7.Nc3 c5 8.dxc5 Qa5
9.Be2 dxc4 10.O-O Nc6 11.Bxc4 Qxc5 12.Nd2 Nh5 13.Nd5 Nxf4 14.Nxf4 Qe5 15.Nd3
Qf5 16.Rac1 Na5 17.e4 Qh5 18.Bd5 e6 19.Bb3 Nxb3 20.Qxb3 b6 21.Nf3 Bb7 22.Rfe1
Rac8 23.Qa4 Rxc1 24.Rxc1 b5 25.Qb4 Rd8 26.Qe7 Rxd3 27.Qxb7 Bxb2 28.Qb8+ Kg7
29.Rb1 a6 30.Qf4 Bd4 31.h3 e5 32.Qg3 Qh6 33.Qg4 Qf4 34.Qxf4 exf4 35.Kf1 Bc5
36.Rc1 Ba3 37.Rc7 Rd1+ 38.Ke2 Ra1 39.Ng5 Rxa2+ 40.Kf3 Kf6 41.Nxh7+ Ke5 42.Ng5
f6 43.Nf7+ Ke6 44.Nd8+ Kd6 45.Rf7 Bb2 46.Nb7+ Kc6 47.Nd8+ Kb6 48.Rb7+ Kc5
49.Ne6+ Kc6 50.Nd8+ Kd6 51.Nf7+ Kc5 52.Rc7+ Kb4 53.Nd8 Kb3 54.Ne6 Be5 55.Rc6
a5 56.Nc5+ Ka3 57.Rb6 Bd4 58.Rxb5 Rxf2+ 59.Kg4 Rxg2+ 60.Kxf4 a4 61.Nd3 Rd2
{#R} 0-1

[Event "26th Chicago Open 2017"]
[Site "Chicago USA"]
[Date "2017.05.26"]
[Round "2.32"]
[White "Li,Ben"]
[Black "Wang,Xiexin"]
[Result "0-1"]
[WhiteElo "2263"]
[BlackElo "2000"]
[EventType "swiss"]

1.d4 d5 2.Nf3 Nf6 3.c4 c6 4.e3 a6 5.Bd3 Bg4 6.Nbd2 Nbd7 7.Qc2 e6 8.b3 Bh5
9.Bb2 Bg6 10.O-O Be7 11.e4 dxe4 12.Nxe4 Nxe4 13.Bxe4 O-O 14.Rad1 Nf6 15.Bxg6
hxg6 16.Rfe1 Re8 17.Ne5 Qc7 18.Rd3 Rad8 19.Qe2 Bf8 20.Red1 a5 21.h3 Ra8 22.Bc1
a4 23.Bg5 axb3 24.axb3 Be7 25.Rf3 Rf8 26.Bf4 Qb6 27.h4 Ra3 28.Bg5 Qc7 29.Re1
Qd6 30.Rd1 Rfa8 31.Bf4 Qb4 32.Nxg6 fxg6 33.Qxe6+ Kh7 34.c5 Ra1 35.Rd3 Bxc5
36.Be5 Rxd1+ 37.Rxd1 Re8 38.Qh3 Bd6 39.h5 Bxe5 40.hxg6+ Kxg6 41.dxe5 Rxe5
42.Qg3+ Qg4 43.Qd3+ Qe4 44.Qh3 Nd5 45.Qc8 Rg5 46.Qh3 Qf5 47.Qh4 Qg4 {#R} 0-1

[Event "36th Zalakaros Open 2017"]
[Site "Zalakaros HUN"]
[Date "2017.05.24"]
[Round "7.35"]
[White "Manea,Al"]
[Black "Paszewski,M"]
[Result "1-0"]
[WhiteElo "2410"]
[BlackElo "2327"]

1.d4 d5 2.c4 c6 3.Nf3 Nf6 4.e3 Bf5 5.Nc3 e6 6.Nh4 Be4 7.Nf3 Bf5 8.Bd3 Bxd3
9.Qxd3 Nbd7 10.O-O Bd6 11.e4 dxe4 12.Nxe4 Nxe4 13.Qxe4 O-O 14.Bd2 Re8 15.Bc3
Be7 16.Rad1 Bf6 17.Rd3 Qc7 18.h4 b5 19.cxb5 cxb5 20.Ng5 Bxg5 21.hxg5 Qc4
22.Rf3 b4 23.b3 Qb5 24.Bd2 a5 25.Qf4 Rf8 26.Rc1 Nb6 27.Rh3 Rac8 28.Rc5 Qe2
29.Qh4 Qd1+ 30.Kh2 Qb1 31.g6 h6 32.Bxh6 fxg6 33.Bxg7 {#r} 1-0

[Event "Bodensee Open 2017"]
[Site "Bregenz AUT"]
[Date "2017.05.24"]
[Round "5.17"]
[White "Giesinger,Elias"]
[Black "Sahl,S"]
[Result "0-1"]
[WhiteElo "2074"]
[BlackElo "2170"]

1.d4 d5 2.c4 c6 3.Nf3 Nf6 4.e3 Bf5 5.Nc3 e6 6.Nh4 Bg4 7.Qb3 Qb6 8.h3 Bh5 9.g4
Bg6 10.Nxg6 hxg6 11.Bg2 Na6 12.Bd2 Qxb3 13.axb3 O-O-O 14.O-O-O Nb4 15.Kb1 Be7
16.Na2 Nxa2 17.Kxa2 Ne4 18.Be1 Bh4 19.f3 Nd6 20.Rc1 f5 21.Bb4 Bf2 22.Bd2 f4
23.e4 dxe4 24.fxe4 Bxd4 25.Bxf4 Nf7 26.Rhf1 g5 27.Bg3 Be5 28.Bxe5 Nxe5 29.Rcd1
Rxd1 30.Rxd1 Rd8 31.Rxd8+ Kxd8 32.Kb1 Kd7 33.Kc2 Kd6 34.Kc3 Ng6 35.Kd4 c5+
36.Ke3 Ke5 37.Bf1 Nf4 38.Kf3 Kd4 39.h4 e5 40.hxg5 g6 41.b4 cxb4 42.Kg3 b6
43.Kf3 a5 {#R} 0-1

[Event "4th Gligoric Cup 2017"]
[Site "Novi Banovci SRB"]
[Date "2017.05.25"]
[Round "1.7"]
[White "Radosavljevic,SS"]
[Black "Gavric,Zi"]
[Result "1-0"]
[WhiteElo "2154"]
[BlackElo "2085"]

1.d4 d5 2.Nf3 Bf5 3.e3 e6 4.c4 c6 5.Nc3 Nf6 6.Bd3 Bxd3 7.Qxd3 Nbd7 8.O-O Bd6
9.b3 O-O 10.Bb2 Rc8 11.h3 Re8 12.e4 dxe4 13.Nxe4 Nxe4 14.Qxe4 Qf6 15.Rfe1 Qg6
16.Qe3 Be7 17.a4 a6 18.Rad1 Bf6 19.Ne5 Nxe5 20.dxe5 Bg5 21.Qb6 Qc2 22.Ba3 Rcd8
23.Rxd8 Rxd8 24.Qxb7 Qc3 25.Rf1 Qxe5 26.Qxc6 Qc3 27.Qb6 Rd3 28.Qc5 h6 29.Qf8+
Kh7 30.Qxf7 Qxb3 31.Bf8 Bf6 32.Qxe6 Rc3 33.Qf5+ Kg8 34.Rb1 Qxc4 35.Rb8 Kf7
36.Bd6 {#r} 1-0

[Event "4th Gligoric Cup 2017"]
[Site "Novi Banovci SRB"]
[Date "2017.05.28"]
[Round "5.2"]
[White "Benkovic,P"]
[Black "Matovic,P"]
[Result "1-0"]
[WhiteElo "2389"]
[BlackElo "2182"]

1.d4 d5 2.c4 c6 3.Nf3 Nf6 4.Nc3 Bf5 5.e3 e6 6.Bd3 Bg6 7.O-O Nbd7 8.b3 Bd6
9.Bb2 Qe7 10.Re1 Ba3 11.Bxa3 Qxa3 12.Rc1 O-O 13.Bxg6 hxg6 14.Rc2 Qd6 15.Rd2
Qb4 16.Qc2 dxc4 17.Rb1 Rab8 18.e4 cxb3 19.Rxb3 Qe7 20.e5 Ng4 21.Ne4 Nb6 22.h4
Rfd8 23.Nfg5 Nh6 24.h5 f5 25.exf6 gxf6 26.Nh3 g5 27.Nc5 Re8 28.Re3 Qf7 29.Rde2
Nd5 30.Rxe6 Rxe6 31.Nxe6 Qxh5 32.Nc7 Qf7 33.Nxd5 cxd5 34.Qc5 b6 35.Qd6 Rb7
36.Nxg5 fxg5 37.Qxh6 Re7 38.Qxg5+ Kf8 39.Qh6+ Kg8 40.Qg5+ Kf8 41.Rxe7 Qxe7
42.Qxd5 Qe1+ 43.Kh2 Qxf2 44.Qa8+ Ke7 45.Qxa7+ Ke8 46.Qb8+ Kd7 47.Qb7+ Ke8
48.Qe4+ Kd7 49.Kh3 Qxa2 50.Qb7+ Ke8 51.Qxb6 Qa1 52.Qe6+ Kd8 53.Qd6+ Ke8
54.Qe5+ Kd7 55.g4 Qc1 56.g5 Qh1+ 57.Kg4 Qd1+ 58.Kf5 Qd3+ 59.Kf6 {#r} 1-0

[Event "TCh-FRA Top 12 2017"]
[Site "Chartres FRA"]
[Date "2017.05.24"]
[Round "7.3"]
[White "Gajewski,G"]
[Black "Fressinet,L"]
[Result "1-0"]
[WhiteElo "2634"]
[BlackElo "2668"]

1.c4 c6 2.d4 d5 3.Nf3 Nf6 4.cxd5 cxd5 5.Nc3 Nc6 6.Bf4 Bf5 7.e3 e6 8.Qb3 Bb4
9.Ne5 Qb6 10.Nxc6 bxc6 11.Be2 Ne4 12.f3 Nxc3 13.bxc3 Be7 14.c4 Qxb3 15.axb3
Bb4+ 16.Kf2 a5 17.g4 Bg6 18.Rhc1 Bd2 19.Rd1 Bb4 20.Ra2 Kd7 21.h4 h6 22.h5 Bh7
23.c5 Ra7 24.Bd6 Rha8 25.Bd3 Bxd3 26.Rxd3 f6 27.e4 Ke8 28.exd5 cxd5 29.Re2 Kd7
30.Rde3 Re8 31.f4 Rb7 32.f5 e5 33.dxe5 fxe5 34.Rxe5 Rxe5 35.Rxe5 Kc6 36.Re7
Bc3 37.Rxb7 Kxb7 38.Be7 Kc6 39.Ke3 Kd7 40.Kd3 Be5 41.Bh4 {#r} 1-0

[Event "TCh-FRA Top 12 2017"]
[Site "Chartres FRA"]
[Date "2017.05.26"]
[Round "9.1"]
[White "Heimann,An"]
[Black "Solodovnichenko,Y"]
[Result "1-0"]
[WhiteElo "2573"]
[BlackElo "2576"]

1.d4 d5 2.c4 c6 3.cxd5 cxd5 4.Nf3 Nf6 5.Nc3 Nc6 6.Bf4 Bf5 7.e3 e6 8.Qb3 Bb4
9.Ne5 O-O 10.Nxc6 Bxc3+ 11.Qxc3 bxc6 12.Qa3 Qb6 13.Ba6 Nd7 14.Rc1 f6 15.Bd6
Rfe8 16.O-O e5 17.dxe5 fxe5 18.Rc3 Re6 19.Rb3 Qd8 20.Bb7 Rg6 21.e4 Bxe4 22.Rg3
Re6 23.Bxa8 Qxa8 24.Re1 Bg6 25.f4 e4 26.Bc5 Nxc5 27.Qxc5 Qb8 28.Rb3 Qc7 29.Rc1
Bf7 30.Ra3 Qxf4 31.Rxa7 Be8 32.Rf1 Qd6 33.Qxd6 Rxd6 34.Ra8 Re6 35.a4 e3 36.a5
d4 37.Rd8 c5 38.a6 e2 39.a7 exf1=Q+ 40.Kxf1 Kf7 41.a8=Q Bb5+ 42.Kg1 {#r} 1-0

[Event "10th KIIT Elite Open 2017"]
[Site "Bhubaneswar IND"]
[Date "2017.05.29"]
[Round "6.12"]
[White "Chakravarthi Reddy,M"]
[Black "Ravi,TeS"]
[Result "0-1"]
[WhiteElo "2226"]
[BlackElo "2369"]

1.c4 c6 2.d4 d5 3.Nf3 Nf6 4.Nc3 a6 5.a4 e6 6.Bg5 Nbd7 7.e3 Qa5 8.Qc2 c5 9.cxd5
Nxd5 10.Be2 h6 11.Bh4 cxd4 12.exd4 Bb4 13.O-O Bxc3 14.Rfc1 g5 15.Bg3 g4
16.bxc3 gxf3 17.Bxf3 N5f6 18.Re1 Kf8 19.c4 Rg8 20.Bf4 Rg6 21.Rxe6 Kg8 22.Rd6
Nf8 23.c5 Ne6 24.Be3 Qc7 25.Qe2 Qe7 26.d5 Ng7 27.Bf4 Qxe2 28.Bxe2 Bf5 29.f3
Nge8 30.Rb6 Nxd5 31.Rxg6+ Bxg6 32.Bxh6 Rc8 33.Rc1 Nef6 34.c6 bxc6 35.Bxa6 Rc7
36.Be2 Nb4 37.Bd2 Nfd5 38.Bb5 cxb5 39.Rxc7 Nxc7 40.axb5 Nbd5 41.Kf2 Nxb5 42.g4
Nd4 43.h4 Bc2 44.Be3 Nxf3 {#R} 0-1

[Event "14th Orlova Open 2017"]
[Site "Orlova CZE"]
[Date "2017.05.26"]
[Round "7.1"]
[White "Molenda,Marcin"]
[Black "Czerw,D"]
[Result "1-0"]
[WhiteElo "2416"]
[BlackElo "2176"]

1.d4 d5 2.c4 c6 3.Nf3 Nf6 4.Nc3 a6 5.Bf4 b5 6.c5 g6 7.h3 Bg7 8.e3 O-O 9.Bd3
Nbd7 10.O-O Nh5 11.Bh2 f5 12.b4 a5 13.Ng5 Ndf6 14.a4 axb4 15.Ne2 bxa4 16.Rxa4
Rxa4 17.Qxa4 Bd7 18.Qxb4 Ne4 19.Nf3 g5 20.Qb7 h6 21.Ne5 Bxe5 22.Bxe5 Qe8
23.Ra1 Bc8 24.Qc7 Ng7 25.Ra7 Be6 26.Bc2 Qg6 27.Qxe7 Rf7 28.Ra8+ Kh7 29.Qd8 Qh5
30.Bd1 Qh4 31.g3 Qxh3 32.Qg8+ Kg6 33.Re8 f4 34.Rxe6+ Qxe6 35.Bxg7 Re7 36.Qxe6+
Rxe6 37.Be5 fxe3 38.fxe3 Nxc5 39.g4 Nd7 40.Bc2+ Kf7 41.Bf5 Rxe5 42.dxe5 Nxe5
43.Kf2 c5 44.Nc3 d4 45.Ne4 dxe3+ 46.Kxe3 c4 47.Kd4 Nd3 48.Kxc4 Nf4 49.Kd4 Kg7
50.Ng3 Kf6 51.Ke4 Ng2 52.Nh5+ Kf7 53.Kf3 Nh4+ 54.Kg3 Ke7 55.Be4 Ke6 56.Kf2 Ke5
57.Ke3 Ke6 58.Kd4 Kd6 59.Ng7 Ke7 60.Ke5 Kf7 61.Nh5 Ke7 62.Ng3 Kf7 63.Kd6 Kf6
64.Nh5+ Kf7 65.Kd7 Kf8 66.Ke6 Kg8 67.Kf6 Kh8 68.Kf7 {#r} 1-0

[Event "Deltalift Open 2017"]
[Site "Tylosand SWE"]
[Date "2017.05.26"]
[Round "5.1"]
[White "Turov,M"]
[Black "Hillarp Persson,T"]
[Result "0-1"]
[WhiteElo "2600"]
[BlackElo "2490"]

1.d4 d5 2.c4 c6 3.Nc3 Nf6 4.e3 a6 5.Nf3 b5 6.b3 Bg4 7.h3 Bxf3 8.Qxf3 e5 9.Bd2
Bb4 10.dxe5 Bxc3 11.Bxc3 Ne4 12.e6 O-O 13.Bb4 c5 14.cxd5 Ng5 15.Qg4 cxb4
16.exf7+ Nxf7 17.Rd1 Qf6 18.Qd4 Ne5 19.f4 Nbd7 20.Be2 Nf7 21.Bf3 Qh4+ 22.Ke2
Nd6 23.g3 Qe7 24.e4 Rae8 25.e5 Nf5 {#R} 0-1

[Event "26th Chicago Open 2017"]
[Site "Chicago USA"]
[Date "2017.05.26"]
[Round "3.16"]
[White "Larson,Matthew W"]
[Black "Wang,Xiexin"]
[Result "1-0"]
[WhiteElo "2367"]
[BlackElo "2000"]
[EventType "swiss"]

1.d4 d5 2.c4 c6 3.Nf3 Nf6 4.Nc3 a6 5.e3 Bf5 6.Ne5 h6 7.Qb3 Ra7 8.cxd5 cxd5
9.Bd2 e6 10.Rc1 Bd6 11.Qa4+ Nc6 12.Nxc6 bxc6 13.Qxc6+ Qd7 14.Na4 Ke7 15.Qxd7+
Nxd7 16.Be2 a5 17.O-O Rb8 18.Rc6 Bb4 19.Bxb4+ axb4 20.b3 Nf6 21.f3 Kd7 22.Rfc1
Ne8 23.Kf2 Nc7 24.Ke1 f6 25.Kd2 e5 26.Bd3 Bxd3 27.Kxd3 exd4 28.exd4 Nb5
29.Nb6+ Ke8 30.Nxd5 Rxa2 31.Rc8+ Rxc8 32.Rxc8+ Kf7 33.Rc5 Nd6 34.Rc2 Ra1
35.Nxb4 Rb1 36.Rc7+ Kg6 37.Rc3 Rd1+ 38.Ke2 Rxd4 39.Nd3 Kf5 40.Ke3 Rh4 41.h3
Kg5 42.f4+ Kf5 43.Rc7 g5 44.g4+ Kg6 45.f5+ Nxf5+ 46.gxf5+ Kxf5 47.b4 Rxh3+
48.Kd4 g4 49.Rc5+ {#r} 1-0

[Event "Deltalift Open 2017"]
[Site "Tylosand SWE"]
[Date "2017.05.25"]
[Round "4.12"]
[White "Segerberg,T"]
[Black "Hector,J"]
[Result "0-1"]
[WhiteElo "2083"]
[BlackElo "2498"]

1.d4 d5 2.c4 c6 3.Nf3 Nf6 4.Nc3 dxc4 5.a4 Bf5 6.Ne5 Nbd7 7.Nxc4 Qc7 8.f3 e5
9.e4 exd4 10.Qxd4 Be6 11.Qf2 Be7 12.Be3 O-O 13.Be2 Rad8 14.O-O b6 15.Rad1 Nc5
16.Kh1 Nb3 17.f4 Nc5 18.Nd2 Nd3 19.Bxd3 Rxd3 20.Nf3 Ng4 {#R} 0-1

[Event "Groninger Combinatie Open"]
[Site "Groningen NED"]
[Date "2017.05.28"]
[Round "6.2"]
[White "Ernst,S"]
[Black "Balje,J"]
[Result "1-0"]
[WhiteElo "2550"]
[BlackElo "2219"]

1.d4 d5 2.c4 c6 3.Nf3 Nf6 4.Nc3 dxc4 5.a4 Bf5 6.Ne5 Nbd7 7.Nxc4 Qc7 8.g3 e5
9.dxe5 Nxe5 10.Bf4 Nfd7 11.Bg2 g5 12.Ne3 gxf4 13.Nxf5 O-O-O 14.Qc2 fxg3
15.hxg3 h5 16.O-O a5 17.Rfc1 Nc5 18.Nb5 cxb5 19.axb5 Kb8 20.Qc3 Ne6 21.Qe3 Bc5
22.b6 Qxb6 23.Qxe5+ Ka7 24.b4 Bxb4 25.Ne3 Rc8 26.Rcb1 Qa6 27.Rxb4 {#r} 1-0

[Event "TCh-FRA Top 12 2017"]
[Site "Chartres FRA"]
[Date "2017.05.24"]
[Round "7.4"]
[White "Rodshtein,M"]
[Black "Brochet,P"]
[Result "1-0"]
[WhiteElo "2698"]
[BlackElo "2409"]

1.d4 d5 2.c4 dxc4 3.e4 e5 4.Nf3 exd4 5.Bxc4 Nc6 6.O-O Bc5 7.Qb3 Qe7 8.Bg5 f6
9.Bf4 Nh6 10.Rc1 Bb6 11.Nbd2 Nf7 12.Bd5 O-O 13.a4 Na5 14.Qa3 c5 15.Nxd4 Bd7
16.N4b3 Nc6 17.a5 Bd8 18.Nxc5 Bxa5 19.Nxd7 Bb4 20.Qh3 Rfd8 21.Nc4 Rac8 22.Ndb6
axb6 23.Nxb6 Rc7 24.Bxc7 Qxc7 25.Bxc6 bxc6 26.Nd5 Qd6 27.Nxb4 Qxb4 28.Qe6 Qxb2
29.Qxc6 Ne5 30.Qe6+ Kh8 31.Rab1 Qd4 32.Rc8 h5 33.h3 Kh7 34.Qf5+ Kh6 35.Rxd8
Qxd8 36.Rc1 h4 37.Qf4+ Kh5 38.Rc5 g5 39.Qf5 Qe7 40.Rc8 Ng6 41.Rc6 {#r} 1-0

[Event "TCh-FRA Top 12 2017"]
[Site "Chartres FRA"]
[Date "2017.05.27"]
[Round "10.5"]
[White "Wojtaszek,R"]
[Black "Brochet,P"]
[Result "1-0"]
[WhiteElo "2734"]
[BlackElo "2409"]

1.d4 d5 2.c4 dxc4 3.e3 Nf6 4.Bxc4 a6 5.Nf3 b5 6.Bd3 Bg4 7.a4 b4 8.Nbd2 c5
9.Nc4 Nbd7 10.h3 Bxf3 11.Qxf3 cxd4 12.exd4 g6 13.Bd2 a5 14.Ne5 Bg7 15.Nc6 Qb6
16.Bb5 Rc8 17.O-O e6 18.Rac1 Rc7 19.Bf4 Rc8 20.Rfe1 Ra8 21.Bd6 Bf8 22.Ne5 Qa7
23.Bxd7+ {#r} 1-0

[Event "26th Chicago Open 2017"]
[Site "Chicago USA"]
[Date "2017.05.28"]
[Round "6.16"]
[White "Song,Michael"]
[Black "Feng,Maggie"]
[Result "0-1"]
[WhiteElo "2423"]
[BlackElo "2298"]
[EventType "swiss"]

1.d4 d5 2.c4 dxc4 3.e4 Nc6 4.Nf3 Nf6 5.Nc3 Bg4 6.Be3 e6 7.a3 Bxf3 8.gxf3 Na5
9.Bxc4 Nxc4 10.Qa4+ c6 11.Qxc4 Be7 12.Rg1 O-O 13.e5 Ne8 14.h4 Kh8 15.Rg4 f5
16.Rg2 Nc7 17.O-O-O Nd5 18.Bg5 Qd7 19.Ne2 b5 20.Qd3 a5 21.Rdg1 Rf7 22.f4 a4
23.Qg3 b4 24.Bh6 Bf8 25.axb4 Nxb4 26.Qf3 Nd5 27.Kd1 a3 28.bxa3 Rxa3 29.Qh5
Nc3+ 30.Nxc3 Qxd4+ 31.Ke2 Qc4+ {#R} 0-1

[Event "26th Chicago Open 2017"]
[Site "Chicago USA"]
[Date "2017.05.28"]
[Round "7.2"]
[White "Hernandez Carmenates,Hold"]
[Black "Nyzhnyk,I"]
[Result "0-1"]
[WhiteElo "2510"]
[BlackElo "2610"]
[EventType "swiss"]

1.d4 d5 2.c4 dxc4 3.e4 b5 4.a4 c6 5.axb5 cxb5 6.b3 e5 7.dxe5 Bb4+ 8.Bd2 Bc5
9.Nf3 Qb6 10.Nc3 Ne7 11.bxc4 Bxf2+ 12.Ke2 O-O 13.Rb1 a6 14.cxb5 axb5 15.Qb3
Nbc6 16.Nxb5 Be6 17.Qd3 Bc5 18.Nd6 Qa7 19.Rb7 Qa2 20.Rb5 Bxd6 {#R} 0-1

[Event "TCh-FRA Top 12 2017"]
[Site "Chartres FRA"]
[Date "2017.05.26"]
[Round "9.1"]
[White "Donchenko,Alexa"]
[Black "Istratescu,A"]
[Result "1-0"]
[WhiteElo "2563"]
[BlackElo "2596"]

1.Nf3 d5 2.d4 Nf6 3.c4 c6 4.Qc2 dxc4 5.Qxc4 Bg4 6.Nc3 Nbd7 7.Bf4 Bxf3 8.gxf3
g6 9.e4 Nb6 10.Qb3 Bg7 11.Be3 Qc7 12.Be2 O-O 13.a4 e6 14.h4 Rfc8 15.f4 Nbd7
16.h5 c5 17.hxg6 hxg6 18.e5 cxd4 19.Bxd4 Qc6 20.Rh3 Nh5 21.Bxh5 Qg2 22.Ne2
gxh5 23.f5 exf5 24.Rg3 Qh1+ 25.Kd2 Qxa1 26.e6 Nb6 27.Rxg7+ Kf8 28.Qb4+ {#r}
1-0